[Event "TCh-LTU 2013"]
[Site "Vilnius LTU"]
[Date "2013.01.19"]
[Round "1.2"]
[White "Vaitonis,V"]
[Black "Labeckas,K"]
[Result "1/2-1/2"]
[WhiteElo "2023"]
[BlackElo "2371"]

1.d4 d6 2.e4 Nf6 3.Nc3 e5 4.Nf3 Nbd7 5.Be2 Be7 6.O-O O-O 7.h3 c6 8.Re1 Qb6
9.Rb1 exd4 10.Qxd4 Qxd4 11.Nxd4 Nc5 12.Bf1 a5 13.a3 a4 14.b4 axb3 15.cxb3 Ne8
16.Rd1 Bf6 17.b4 Ne6 18.Nde2 b5 19.f4 g6 20.g3 Bb7 21.Bg2 Be7 22.Bb2 N8g7
23.g4 f5 24.exf5 gxf5 25.g5 d5 26.Rf1 Bd8 27.Ng3 Bb6+ 28.Kh2 Be3 29.Nce2 d4
30.Rbd1 Rad8 31.Rd3 Rf7 32.Bc1 Bxc1 33.Rxc1 Rd6 34.h4  1/2-1/2

[Event "5th Chennai Open 2013"]
[Site "Chennai IND"]
[Date "2013.01.20"]
[Round "8"]
[White "Kayumov,D"]
[Black "Ramnathan,B"]
[Result "1-0"]
[WhiteElo "2415"]
[BlackElo "2260"]

1.e4 d6 2.d4 Nf6 3.Nc3 Nbd7 4.g4 e5 5.g5 Ng8 6.Nf3 g6 7.Bc4 Bg7 8.dxe5 Nxe5
9.Nxe5 Bxe5 10.f4 Bg7 11.Be3 Ne7 12.Bd4 Bxd4 13.Qxd4 O-O 14.O-O-O Bg4 15.Rdf1 Qd7
16.h4 a6 17.Be2 Bxe2 18.Nxe2 Nc6 19.Qc3 Qe6 20.Qh3 Qxe4 21.Nc3 Qf5 22.Qxf5 gxf5
23.Nd5 Nd4 24.Rf2 c6 25.Rd1 Ne6 26.Ne7+ Kh8 27.Rxd6 Ng7 28.h5 Rad8 29.h6 Ne6
30.Rxd8 Rxd8 31.Nxf5 Kg8 32.Ng3 Rd4 33.Nh5 Kf8 34.c3 Re4 35.Kd2 Ke7 36.Re2 Rxe2+
37.Kxe2 Kd6 38.Ke3 Nf8 39.Nf6 Ke6 40.Ke4 c5 41.f5+ Kd6 42.Kf4 b5 43.Nxh7  1-0

[Event "e2e4 Chester Open"]
[Site "Chester ENG"]
[Date "2013.01.20"]
[Round "5"]
[White "Baterdene,Tsogbayar"]
[Black "Rabbitte,L"]
[Result "1/2-1/2"]
[WhiteElo "1724"]
[BlackElo "2076"]

1.e4 d6 2.d4 Nf6 3.Nc3 e5 4.Nf3 Nbd7 5.Bc4 Be7 6.O-O O-O 7.Re1 c6 8.a4 Rb8
9.h3 b6 10.b3 a6 11.Bb2 b5 12.axb5 axb5 13.Bf1 Qc7 14.Qd3 Re8 15.Ne2 c5 16.d5 c4
17.Qe3 Qc5 18.Ng3 Qxe3 19.Rxe3 cxb3 20.Rxb3 Nc5 21.Rb4 Bd7 22.Nd2 Rec8 23.Ra3 Bd8
24.c3 h5 25.f3 h4 26.Ne2 Nd3 27.Rbb3 Bb6+ 28.Kh2 Bc5 29.Ra1 Be3 30.Nb1 Nc5
31.Rb4 Nh5 32.Na3 Nd3 33.Rb3 Ng3 34.Nc2 Bf2 35.Ba3 Ra8 36.Rd1 Nc5 37.Bxc5 Rxc5
38.Nxg3 hxg3+ 39.Kh1 Rac8 40.Na3 Rxc3 41.Rxc3 Rxc3 42.Nxb5 Bxb5 43.Bxb5 g6
44.Bd7 Kg7 45.Rb1 Kh6 46.Rd1 Kg5 47.Bb5 Rc7 48.Ra1 Rb7 49.Bc4 f5 50.Bd3 Rb3
51.Rd1 Kf4 52.Bc2 Rc3 53.Bd3 Bd4 54.Bb1 Rb3 55.Bc2 Rb4 56.Rb1 Rc4 57.Bd3 Rc3
58.Rd1 Bf2 59.Bb1 Rb3 60.Bc2 Rb4 61.Bb1 fxe4 62.Bxe4 Rxe4 63.fxe4 Kxe4 64.h4 Kf5
65.Rd2 e4 66.h5 e3 67.Re2  1/2-1/2

[Event "TCh-AUT 2012-13"]
[Site "Graz AUT"]
[Date "2013.01.20"]
[Round "7.5"]
[White "De Francesco,K"]
[Black "Kaspret,G"]
[Result "1/2-1/2"]
[WhiteElo "2246"]
[BlackElo "2303"]

1.d4 d6 2.e4 Nf6 3.Nc3 e5 4.Nf3 Nbd7 5.Bc4 Be7 6.h3 O-O 7.Be3 c6 8.dxe5 dxe5
9.a4 Qc7 10.Qe2 Bb4 11.Nd2 Nc5 12.O-O Ne6 13.Bxe6 Bxe6 14.Bg5 Bxc3 15.bxc3 Nd7
16.Be3 Qa5 17.c4 Nb6 18.Rfb1 Qa6 19.Qh5 Nd7 20.c5 b6 21.Ra3 bxc5 22.f4 g6
23.Qh6 exf4 24.Bxf4 f6 25.Nf3 Rf7 26.Rd1 Qe2 27.Rd6 Nf8 28.e5 Bd5 29.Rxf6 Re8
30.Re3 Qxc2 31.Bg5 Rg7 32.Rd6 Ne6 33.Bf6 Rf7 34.Re1 Rb7 35.Qc1 Qxa4 36.Rxe6 Rxe6
37.Rd1 Qb3 38.Rf1 Qb2 39.Qf4 Rf7 40.Qg5 Rexf6 41.exf6 Qxf6 42.Qg3 c4 43.Kh1 c3
44.Nh2 Qxf1+ 45.Nxf1 Rxf1+ 46.Kh2 c2 47.Qb8+ Rf8 48.Qb2 c1=Q 49.Qxc1 Rf2
50.h4 Rxg2+ 51.Kh3 h5  1/2-1/2

[Event "TCh-LTU 2013"]
[Site "Vilnius LTU"]
[Date "2013.01.20"]
[Round "2.5"]
[White "Juknis,P"]
[Black "Zilvinskas,A"]
[Result "1/2-1/2"]
[WhiteElo "2135"]
[BlackElo "2127"]

1.e4 d6 2.d4 Nf6 3.Nc3 Nbd7 4.Nf3 e5 5.Bc4 Be7 6.Ng5 O-O 7.Bxf7+ Rxf7 8.Ne6 Qe8
9.Nxc7 Qd8 10.Nxa8 b6 11.Be3 Ba6 12.dxe5 dxe5 13.Nxb6 axb6 14.f3 Bb4 15.Qd2 Nxe4
16.fxe4 Qh4+ 17.Bf2 Qg4 18.Rg1 Nc5 19.h3 Bxc3 20.hxg4 Bxd2+ 21.Kxd2 Rxf2+
22.Kc1 Nxe4 23.a4 Ng3 24.Kb1 Ne2 25.Rd1 Nd4 26.Ra3 Bb7 27.Re3 Rxg2 28.Rxe5 Rxg4
29.c3 Be4+ 30.Rxe4 Rxe4 31.cxd4 Kf7  1/2-1/2

[Event "11th Gibraltar Masters"]
[Site "Caleta ENG"]
[Date "2013.01.22"]
[Round "1.55"]
[White "Womacka,M"]
[Black "Skutta,B"]
[Result "1-0"]
[WhiteElo "2442"]
[BlackElo "2048"]

1.e4 d6 2.d4 Nf6 3.Nc3 e5 4.Nf3 Nbd7 5.Bc4 Be7 6.O-O O-O 7.Re1 c6 8.a4 a5
9.h3 Nb6 10.Bf1 exd4 11.Nxd4 d5 12.e5 Ne8 13.Nce2 g6 14.Bh6 Ng7 15.Nf4 Re8
16.Qd2 Nf5 17.Nxf5 Bxf5 18.e6 Bf6 19.exf7+ Kxf7 20.Rxe8 Qxe8 21.g4 Bd7 22.Re1 Qh8
23.Re3 Bxb2 24.Nd3 Qd4 25.Nxb2 Qxd2 26.Rf3+ Ke6 27.Bxd2 Kd6 28.Rb3  1-0

[Event "11th Gibraltar Masters"]
[Site "Caleta ENG"]
[Date "2013.01.23"]
[Round "2.89"]
[White "Herbold,M"]
[Black "Becham,Khalid"]
[Result "0-1"]
[WhiteElo "2164"]
[BlackElo "1929"]

1.e4 d6 2.d4 Nf6 3.Nc3 Nbd7 4.Nf3 e5 5.Be2 Be7 6.O-O O-O 7.a4 a6 8.b3 c6
9.a5 Re8 10.Re1 Qc7 11.Bf1 Nf8 12.h3 Ng6 13.Be3 Be6 14.dxe5 dxe5 15.Bb6 Qd7
16.Qe2 Bb4 17.Red1 Qe7 18.Na4 Nd7 19.c3 Bd6 20.Be3 Bxb3 21.Rdb1 Bxa4 22.Rxa4 Nc5
23.Rab4 Nf4 24.Qa2 Nfe6 25.Bc4 Rab8 26.Nd2 h6 27.R1b2 Rf8 28.Qb1 Qc7 29.Qa2 Qd7
30.Bf1 Rbe8 31.Nb3 Nxb3 32.R4xb3 Nd8 33.Rd2 Qe7 34.Bb6 Bc7 35.Be3 Kh8 36.Rb1 f5
37.exf5 Rxf5 38.Rbd1 e4 39.Rd7 Qe5 40.g3 Ne6 41.Bc4 Ng5 42.Kg2 Rf3 43.Bd4 Rxg3+
44.Kf1 Rg1+ 45.Kxg1 Qh2+ 46.Kf1 Qxh3+ 47.Ke2 Qxd7 48.Rh1 Qg4+ 49.Kf1 Qd1+
50.Kg2 Qf3+ 51.Kg1 Nh3+ 52.Rxh3 Qxh3 53.Bf7 Re7 54.Bb3 c5  0-1

[Event "Marianske Lazne IM 2013"]
[Site "Marianske Lazne CZE"]
[Date "2013.01.23"]
[Round "6.1"]
[White "Gajic,Ml"]
[Black "Gokhale,C"]
[Result "1/2-1/2"]
[WhiteElo "2278"]
[BlackElo "2252"]

1.e4 d6 2.d4 Nf6 3.Nc3 e5 4.dxe5 dxe5 5.Qxd8+ Kxd8 6.Bg5 Be6 7.O-O-O+ Nd7
8.f4 exf4 9.Nf3 h6 10.Bxf4 Ng4 11.Bg3 Bc5 12.Nd4 Bxd4 13.Rxd4 Kc8 14.Nd5 Bxd5
15.exd5 Ngf6 16.Bd3 Re8 17.Bf5 Nh5 18.Bh4 g5 19.Bg3 a5 20.Rf1 Nxg3 21.hxg3 Ra6
22.Bxd7+ Kxd7 23.Rxf7+ Re7 24.Rf2 Ra8 25.Rf6 Re1+ 26.Rd1 Rae8 27.Rxh6 Rxd1+
28.Kxd1 Re3 29.Re6 Rxg3 30.Re2 Kd6 31.Rd2 Re3 32.c3 Ke5  1/2-1/2

[Event "13th ch-CRO 2013"]
[Site "Plitvicka Jezera CRO"]
[Date "2013.01.23"]
[Round "3.6"]
[White "Palac,M"]
[Black "Jovanovic,Zo CRO"]
[Result "1/2-1/2"]
[WhiteElo "2579"]
[BlackElo "2508"]

1.e4 d6 2.d4 Nf6 3.Nc3 e5 4.Nf3 exd4 5.Nxd4 Be7 6.Bf4 O-O 7.Be2 c6 8.O-O d5
9.exd5 Nxd5 10.Nxd5 Qxd5 11.Bf3 Qd8 12.c3 Bf6 13.Nb3 Na6 14.Qxd8 Bxd8 15.Bd6 Re8
16.Rfe1 Be6 17.Nd4 Bc7 18.Bxc7  1/2-1/2

[Event "15th Nord-West Cup"]
[Site "Bad Zwischenahn GER"]
[Date "2013.01.24"]
[Round "1.8"]
[White "Ritter,U"]
[Black "Schneider,Il"]
[Result "0-1"]
[WhiteElo "2000"]
[BlackElo "2492"]

1.e4 d6 2.d4 Nf6 3.Nc3 e5 4.dxe5 dxe5 5.Qxd8+ Kxd8 6.Bc4 Be6 7.Bxe6 fxe6
8.Nf3 Bd6 9.Be3 Ke7 10.Nd2 Nc6 11.Ne2 Nb4 12.Kd1 Ng4 13.Bg5+ Kd7 14.Bh4 Raf8
15.a3 Nc6 16.Nf3 h6 17.h3 Nf6 18.Bxf6 gxf6 19.Nh4 Rhg8 20.g4 Be7 21.Ke1 f5
22.Rd1+ Kc8 23.Ng2 h5 24.exf5 exf5 25.Ne3 hxg4 26.hxg4 fxg4 27.Rg1 Bh4 28.Nxg4 Nd4
29.Nxd4 Bxf2+  0-1

[Event "11th Gibraltar Masters"]
[Site "Caleta ENG"]
[Date "2013.01.24"]
[Round "3.69"]
[White "Palencia,W"]
[Black "Kandic,Mila"]
[Result "1-0"]
[WhiteElo "2282"]
[BlackElo "2090"]

1.e4 d6 2.d4 Nf6 3.Nc3 e5 4.f3 exd4 5.Qxd4 Nc6 6.Bb5 Bd7 7.Bxc6 Bxc6 8.Be3 Qe7
9.Nge2 g6 10.Nf4 Bg7 11.Nfd5 Qd8 12.Bg5 Nh5 13.Bxd8 Bxd4 14.Bxc7 Kd7 15.Ba5 f5
16.O-O-O Be5 17.exf5 gxf5 18.g3 Nf6 19.Nxf6+ Bxf6 20.Nd5 Bg7 21.Rd3 Rae8
22.Rhd1 h5 23.Nc7 Re2 24.Rxd6+  1-0

[Event "11th Gibraltar Masters"]
[Site "Caleta ENG"]
[Date "2013.01.24"]
[Round "3.66"]
[White "Havik,V"]
[Black "Chapman,T"]
[Result "0-1"]
[WhiteElo "2094"]
[BlackElo "2292"]

1.e4 d6 2.d4 Nf6 3.Nc3 e5 4.Nf3 Nbd7 5.Bc4 Be7 6.O-O c6 7.a4 O-O 8.h3 b6
9.d5 cxd5 10.Nxd5 Nxd5 11.Bxd5 Rb8 12.Qe2 Nf6 13.Rd1 Nxd5 14.Rxd5 Bb7 15.Rd1 Qc7
16.Ra3 Qc6 17.Nd2 Qxc2 18.Rc3 Qxa4 19.Rg3 g6 20.Ra3 Qc6 21.Rxa7 Ra8 22.Rxa8 Rxa8
23.f3 Qc2 24.Qe1 Bh4  0-1

[Event "11th Gibraltar Masters"]
[Site "Caleta ENG"]
[Date "2013.01.24"]
[Round "3.75"]
[White "Scharrer,P"]
[Black "Skutta,B"]
[Result "1/2-1/2"]
[WhiteElo "2248"]
[BlackElo "2048"]

1.e4 d6 2.d4 Nf6 3.Nc3 e5 4.Nf3 Nbd7 5.Bc4 Be7 6.O-O O-O 7.a4 a5 8.Re1 c6
9.Ba2 exd4 10.Nxd4 Nc5 11.Qf3 Bg4 12.Qg3 Qd7 13.h3 Be6 14.Nxe6 fxe6 15.e5 Nd5
16.Ne4 Nxe4 17.Rxe4 Kh8 18.Bg5 Bxg5 19.Qxg5 Rf5 20.Qg3 dxe5 21.Rxe5 Raf8
22.Rxf5 exf5 23.Rd1 Qe6 24.Qf3 Qe5 25.Bxd5 cxd5 26.Rxd5 Qxb2 27.Rxf5 Rxf5
28.Qxf5 h6 29.Qf8+ Kh7 30.Qf5+ Kg8 31.g3 Qa1+ 32.Kh2 Qxa4 33.Qe6+ Kh7 34.Qf5+ Kg8
35.Qe6+ Kh7 36.Qf5+ Kg8  1/2-1/2

[Event "11th Gibraltar Masters"]
[Site "Caleta ENG"]
[Date "2013.01.24"]
[Round "3.37"]
[White "Melia,S"]
[Black "Bryn,A"]
[Result "1-0"]
[WhiteElo "2403"]
[BlackElo "2019"]

1.e4 d6 2.d4 Nf6 3.Nc3 e5 4.Nf3 Nbd7 5.Bc4 Be7 6.O-O O-O 7.Qe2 c6 8.Rd1 Qc7
9.a4 a5 10.h3 h6 11.dxe5 dxe5 12.Nh4 Rd8 13.Nf5 Bc5 14.Bxh6 gxh6 15.Qd2 Bf8
16.Nxh6+ Bxh6 17.Qxh6 Nh7 18.Rd3 Kh8 19.Rg3 Rg8 20.Rxg8+ Kxg8 21.Ra3 Qd8
22.Nb5 Qg5 23.Rg3 Qxg3 24.fxg3 cxb5 25.Qg6+ Kh8 26.Bxf7 Ndf6 27.g4 Bd7 28.g5 Rg8
29.Bxg8 Nxg8 30.Qd6  1-0

[Event "Marianske Lazne GM 2013"]
[Site "Marianske Lazne CZE"]
[Date "2013.01.24"]
[Round "7.2"]
[White "Fries Nielsen,JO"]
[Black "Pisk,P"]
[Result "1-0"]
[WhiteElo "2370"]
[BlackElo "2389"]

1.d4 d6 2.e4 Nf6 3.Nc3 c6 4.Nf3 Bg4 5.h3 Bh5 6.g4 Bg6 7.Bd3 e6 8.g5 Nfd7
9.Nh4 d5 10.Nxg6 hxg6 11.a3 dxe4 12.Bxe4 Rh4 13.Qd3 Nb6 14.Bd2 Nd5 15.Qg3 Rh8
16.O-O-O Na6 17.Bd3 Nxc3 18.Bxc3 Qd6 19.Qg4 Nc7 20.h4 O-O-O 21.Rh3 Qd5 22.Qf3 Qa2
23.Kd2 Nd5 24.Qxf7 Bd6 25.Rf3 Nxc3 26.Kxc3 Qd5 27.Bc4 Qa5+ 28.Kb3 Kb8 29.Qxg6 Rxh4
30.Qxe6 Qxg5 31.Ka2 Rf4 32.Rdd3 Bc7 33.c3 Qh4 34.Rde3 Rdf8 35.Rxf4 Qxf4 36.f3 a6
37.Bb3 Rh8 38.d5 c5 39.Re4 Qd2 40.Re2 Qf4 41.Qd7 Rh1 42.Re7 c4 43.Bc2 Rh2
44.Bf5 Rh8 45.Rxg7 Rd8 46.Qf7 Qd6 47.Be4 Rf8 48.Qe6 Rf6 49.Qe8+ Ka7 50.Qc8 Qb6
51.Qxc7 Qb3+ 52.Ka1 Rb6 53.Qh2  1-0

[Event "11th Gibraltar Masters"]
[Site "Caleta ENG"]
[Date "2013.01.25"]
[Round "4.36"]
[White "Paehtz,E"]
[Black "Palencia,W"]
[Result "1-0"]
[WhiteElo "2482"]
[BlackElo "2282"]

1.e4 d6 2.d4 Nf6 3.Nc3 c6 4.a4 g6 5.g3 Qa5 6.Bg2 Qh5 7.Qd2 Ng8 8.h3 Bh6 9.f4 Qa5
10.Nf3 e5 11.O-O exf4 12.gxf4 Qh5 13.Kh2 Ne7 14.Ne2 Bf8 15.Qc3 f5 16.d5 Rg8
17.dxc6 Nbxc6 18.e5 d5 19.Nfd4 Nxd4 20.Nxd4 a6 21.Be3 g5 22.fxg5 h6 23.Bf3 Qh4
24.Bf2 Qxg5 25.Rg1 Qf4+ 26.Bg3 Rxg3 27.Rxg3 Qxe5 28.Re1 Qd6 29.Kg2 Kd8 30.Kf2 Bd7
31.Bg2 Rc8 32.Qa5+ Rc7 33.Qd2 Qf6 34.Kg1 h5 35.c3 h4 36.Rf3 Kc8 37.Qe2 Rc4
38.Re3 Kd8 39.Kh1 Rxa4 40.Ne6+ Bxe6 41.Rxe6 Qg7 42.Rd6+ Kc7 43.Qe6 Nc6 44.Rxd5 Qe7
45.Qxe7+ Bxe7 46.Rxf5 Bd6 47.Rf7+ Kb6 48.Rf6 Bg3 49.Bxc6 bxc6 50.Ree6 Rc4
51.Kg2 a5 52.Kf3 Kb5 53.Ke3 Rc5 54.Kd3 Rd5+ 55.Kc2 Rc5 56.Rf7 Kb6 57.Kb3 Rb5+
58.Ka3 Rd5 59.Rff6 Rc5 60.Re4 Kb5 61.Kb3 Kb6 62.Rc4 Rb5+ 63.Ka3 Rc5 64.Rxc5 Kxc5
65.Rf5+ Kb6 66.Ka4  1-0

[Event "18th HIT Open A 2013"]
[Site "Nova Gorica SLO"]
[Date "2013.01.25"]
[Round "1.30"]
[White "Leone,Ca"]
[Black "Philosoph,A"]
[Result "0-1"]
[WhiteElo "1609"]
[BlackElo "2005"]

1.e4 d6 2.d4 Nf6 3.Nc3 e5 4.dxe5 dxe5 5.Qxd8+ Kxd8 6.Nf3 Bd6 7.Ng5 Ke7 8.Bc4 Rf8
9.Be3 h6 10.Nf3 c6 11.h3 Nbd7 12.O-O-O b5 13.Bb3 a5 14.a3 a4 15.Ba2 b4 16.axb4 Bxb4
17.Bd2 a3 18.Nd5+ Nxd5 19.exd5 axb2+ 20.Kxb2 Ba3+ 21.Ka1 Bd6 22.dxc6 Nc5
23.Kb1 Bf5 24.Ne1 Rfb8+ 25.Ka1 Be6 26.Bb4 Rxb4  0-1

[Event "18th HIT Open A 2013"]
[Site "Nova Gorica SLO"]
[Date "2013.01.25"]
[Round "1.13"]
[White "Mestek,I"]
[Black "Drobnic,Milan"]
[Result "1-0"]
[WhiteElo "2186"]
[BlackElo "1733"]

1.e4 d6 2.d4 Nf6 3.Nc3 Nbd7 4.Nf3 e5 5.g4 Nxg4 6.Rg1 exd4 7.Nxd4 Nge5 8.Bg5 Be7
9.Bxe7 Qxe7 10.Nf5 Qd8 11.Nxg7+ Kf8 12.Nf5 Nf6 13.Ne3 Bd7 14.Be2 Bc6 15.Qd4 Rg8
16.O-O-O Rg6 17.f4 Ned7 18.e5 dxe5 19.fxe5  1-0

[Event "Asian Zone 3.3"]
[Site "Tagaytay City PHI"]
[Date "2013.01.25"]
[Round "5.8"]
[White "Cao,S"]
[Black "Tran Tuan Minh"]
[Result "1/2-1/2"]
[WhiteElo "2488"]
[BlackElo "2306"]

1.e4 d6 2.d4 Nf6 3.Nc3 Nbd7 4.Nf3 e5 5.Bc4 Be7 6.O-O O-O 7.a4 c6 8.Re1 a5
9.h3 exd4 10.Nxd4 Nc5 11.Nb3 Nfd7 12.Nxc5 Nxc5 13.Be3 Be6 14.Qe2 Bxc4 15.Qxc4 b6
16.Rad1 Qc8 17.b3 Qe6 18.Qxe6 fxe6 19.Ne2 Kf7 20.Nf4 Rfd8 21.Bxc5 bxc5 22.Nd3 Bf6
23.e5 Bxe5 24.Nxe5+ dxe5 25.Rxd8 Rxd8 26.Rxe5 Rd5 27.Re4 Rd4 28.Re5 Rd5 29.Re3 c4
30.Rc3 cxb3 31.cxb3 c5 32.Kf1 Re5 33.f4 Rd5 34.Ke2 Kf6 35.g3 Kf5 36.Re3 Kf6
37.Rd3 Kf5 38.Ke3 h5 39.Rc3 Kf6 40.Rc4 Ke7 41.Rc2 Kf6 42.g4 Ke7 43.Rc3 Kd6
44.Rd3 Rxd3+ 45.Kxd3 hxg4 46.hxg4 Kd5 47.g5 g6 48.Ke3 e5  1/2-1/2

[Event "75th Tata Steel GpB"]
[Site "Wijk aan Zee NED"]
[Date "2013.01.25"]
[Round "11.5"]
[White "Smeets,J"]
[Black "Movsesian,S"]
[Result "1/2-1/2"]
[WhiteElo "2615"]
[BlackElo "2688"]

1.e4 d6 2.d4 Nf6 3.Nc3 e5 4.Nf3 Nbd7 5.Bc4 Be7 6.a4 O-O 7.O-O a6 8.a5 h6
9.Re1 exd4 10.Qxd4 Ne5 11.Nxe5 dxe5 12.Qxd8 Rxd8 13.Nd5 Nxd5 14.exd5 Bd6
15.Be3 Bd7 16.c3 Rac8 17.Rad1 Re8 18.f3 g5 19.Bd3 f5 20.c4 Bb4 21.Bd2 Bc5+
22.Be3 Bb4 23.Bd2 Bc5+ 24.Be3  1/2-1/2

[Event "11th Gibraltar Masters"]
[Site "Caleta ENG"]
[Date "2013.01.26"]
[Round "5.59"]
[White "Lee,Ka"]
[Black "Rudolf,An"]
[Result "1-0"]
[WhiteElo "2164"]
[BlackElo "2312"]

1.e4 d6 2.d4 Nf6 3.Nc3 e5 4.Nf3 Nbd7 5.Bc4 Be7 6.O-O Nb6 7.Be2 exd4 8.Nxd4 O-O
9.Re1 c6 10.Bf4 d5 11.e5 Ne8 12.Bg4 Nc7 13.Bxc8 Qxc8 14.Qd3 g6 15.Bh6 Re8
16.Qg3 Qd7 17.h4 c5 18.Nf3 Ne6 19.h5 Kh8 20.hxg6 fxg6 21.Rad1 Qc6 22.Bc1 Rad8
23.Ne2 Nd7 24.Qg4 Ndf8 25.Bh6 Kg8 26.Kh2 Qc8 27.Rh1 d4 28.Kg3 Ng7 29.Qxc8 Rxc8
30.Bxg7 Kxg7 31.c3 dxc3 32.Nxc3 Ne6 33.Rd7 Rc7 34.Rhd1 Rd8 35.Rxd8 Bxd8 36.Rd6 Rc6
37.Rd7+ Kg8 38.Nd5 Ra6 39.Rxb7 Rxa2 40.Rb8 Kf7 41.Rb7+ Kg8 42.Nf6+ Bxf6 43.exf6 Ra6
44.Ne5 Rd6 45.Re7 a6 46.f3 a5 47.b3 c4 48.bxc4 a4 49.c5 Ra6 50.Re8+ Nf8 51.Nd7 Rxf6
52.Nxf6+ Kf7 53.Ra8  1-0

[Event "11th Gibraltar Masters"]
[Site "Caleta ENG"]
[Date "2013.01.26"]
[Round "5.84"]
[White "Osuna Vega,E"]
[Black "Skutta,B"]
[Result "1-0"]
[WhiteElo "2157"]
[BlackElo "2048"]

1.e4 d6 2.d4 Nf6 3.Nc3 e5 4.dxe5 dxe5 5.Qxd8+ Kxd8 6.Bc4 Ke8 7.Nf3 Bd6 8.h3 a6
9.a4 b6 10.O-O h6 11.Re1 Be6 12.Nd5 Nbd7 13.Bd2 c6 14.Nxf6+ gxf6 15.Bf1 h5
16.Nh4 a5 17.Be2 Nc5 18.Bf3 Kd7 19.Nf5 Bxf5 20.exf5 h4 21.b3 Kc7 22.Rad1 Na6
23.Re4 Rae8 24.Rc4 c5 25.c3 Rd8 26.b4 axb4 27.cxb4 Be7 28.b5 Nb8 29.a5 Rxd2
30.axb6+ Kxb6 31.Rxd2 Kxb5 32.Rc1 Na6 33.Be2+ Kb6 34.Bxa6 Kxa6 35.Rb2  1-0

[Event "11th Gibraltar Masters"]
[Site "Caleta ENG"]
[Date "2013.01.26"]
[Round "5.86"]
[White "Kvisla,J"]
[Black "Bryn,A"]
[Result "1-0"]
[WhiteElo "2148"]
[BlackElo "2019"]

1.e4 d6 2.d4 Nf6 3.Nc3 e5 4.Nf3 Nbd7 5.g4 Nxg4 6.Rg1 Ngf6 7.Be3 c6 8.Qd2 Qc7
9.O-O-O Nb6 10.dxe5 dxe5 11.Nxe5 Be6 12.f4 Bb4 13.a3 Nxe4 14.Qg2 Nxc3 15.Qxg7 Rf8
16.axb4 Nxd1 17.Bc5 O-O-O 18.Bxf8 Ne3 19.Bd3 Nbd5 20.Bc5 a5 21.Qxh7 axb4
22.Rg8 Rxg8 23.Qxg8+ Qd8 24.Qg1 f6 25.Nf3 Nf5 26.Nd4 Nxd4 27.Qxd4 b6 28.Bxb4 c5
29.Qe4 Nxb4 30.Qxe6+ Kc7 31.Qf7+ Kd6 32.Bc4 Qh8 33.Bb5 Qd8 34.h4 Nd5 35.f5 Ke5
36.h5 Ne3 37.Qe6+ Kf4 38.Bd3 Ng4 39.Qe4+ Kg5 40.Be2 Ne5 41.Qg2+ Kxf5 42.h6  1-0

[Event "18th HIT Open A 2013"]
[Site "Nova Gorica SLO"]
[Date "2013.01.26"]
[Round "2.12"]
[White "Kersic,M"]
[Black "Petrovic,Mark"]
[Result "1-0"]
[WhiteElo "2204"]
[BlackElo "1949"]

1.e4 d6 2.d4 Nf6 3.Nc3 Nbd7 4.f3 e5 5.Nge2 Be7 6.Be3 O-O 7.Qd2 c6 8.g4 b5
9.O-O-O Qc7 10.Ng3 exd4 11.Bxd4 Ne5 12.Be2 Be6 13.g5 Ne8 14.f4 Nc4 15.Bxc4 Bxc4
16.b3 b4 17.Nce2 Bxe2 18.Qxe2 c5 19.Bb2 f6 20.Nf5 fxg5 21.Qc4+ Kh8 22.Qe6 Bf6
23.e5 dxe5 24.fxe5 Qf7 25.Qxf7 Rxf7 26.exf6 gxf6 27.h4 g4 28.h5 c4 29.bxc4 Rc8
30.Rhe1 Rfc7 31.Rd4 Rc5 32.Ne7 Rb8 33.Rxg4 h6 34.Ng6+ Kg8 35.Ne5+ Kh8  1-0

[Event "13th ch-CRO 2013"]
[Site "Plitvicka Jezera CRO"]
[Date "2013.01.26"]
[Round "6.2"]
[White "Zelcic,R"]
[Black "Jovanovic,Zo CRO"]
[Result "1/2-1/2"]
[WhiteElo "2543"]
[BlackElo "2508"]

1.e4 d6 2.d4 Nf6 3.Nc3 e5 4.Nf3 exd4 5.Nxd4 Be7 6.g3 Nc6 7.Nxc6 bxc6 8.Bg2 O-O
9.O-O Bg4 10.Qd3 Qc8 11.Re1 Nd7 12.f3 Be6 13.f4 Rb8 14.b3 Nb6 15.a4 a5 16.Bd2 Bh3
17.Ne2 Bxg2 18.Kxg2 Ra8 19.Nd4 Qd7 20.Nf5 Rfe8 21.Bc3 Bf8 22.Rad1 c5 23.Ne3 Qc6
24.Nc4 Nxc4 25.Qxc4 Qb7 26.h4 c6 27.Kh2 Qc8 28.Qd3 Qg4 29.Qd2 Qg6 30.Bxa5 Rxe4
31.Rxe4 Qxe4 32.Re1 Qf5 33.Bb6 c4 34.a5 cxb3 35.cxb3 Qb5 36.Re3 d5 37.Qe2 Qxe2+
38.Rxe2 f6 39.Ra2 Ra6 40.Kg2 Bb4 41.Kf3 Kf7 42.f5 Ke7 43.Ke3 Kd6 44.Kd3 c5
45.g4 h6 46.Rc2 Ra8 47.h5 Rb8 48.Re2 Kd7 49.Re6 Bxa5 50.Bxa5 Rxb3+ 51.Ke2 Rg3
52.Bd2 Rxg4 53.Kf3 Rh4 54.Bf4 Rxh5 55.Kg4 Rh1 56.Rd6+ Ke7 57.Rxd5 Rg1+ 58.Bg3 c4
59.Rc5 Kf7 60.Rc8 Rf1 61.Bf4 Rg1+ 62.Kf3 Rf1+ 63.Kg3 Rd1 64.Be3 Rd5 65.Kf4 Re5
66.Bc5 Re8 67.Rc7+ Kg8 68.Bd4 Rd8 69.Bc3 Rd3 70.Rxc4 Rd7 71.Bb4 Kh7 72.Ke4 Rb7
73.Bd6 Rb1 74.Rc7 Kg8 75.Kd5 Rd1+ 76.Ke6 Re1+ 77.Kd7 Re2 78.Rc8+ Kh7 79.Rc3 Kg8
80.Rc5 Re1 81.Be7 Kf7 82.Bd6 Kg8 83.Rc3 Re2 84.Bf4 Re4 85.Bd6 Re2 86.Rc8+ Kh7
87.Rc1 Kg8 88.Kc6 Rf2 89.Rc5 Re2 90.Rb5 Rc2+ 91.Kd7 Re2 92.Rb3 Re1 93.Bf4 Re4
94.Rf3 Re1 95.Be3 Kf7 96.Kd6 Rd1+ 97.Kc5 Rd3 98.Kc4 Ra3 99.Kd4 Ra4+  1/2-1/2

[Event "13th ch-CRO 2013"]
[Site "Plitvicka Jezera CRO"]
[Date "2013.01.26"]
[Round "6.3"]
[White "Stevic,H"]
[Black "Palac,M"]
[Result "1/2-1/2"]
[WhiteElo "2618"]
[BlackElo "2579"]

1.Nc3 Nf6 2.e4 d6 3.d4 e5 4.dxe5 dxe5 5.Qxd8+ Kxd8 6.Bc4 Be6 7.Bxe6 fxe6
8.f3 Nbd7 9.Be3 Bc5 10.Ke2 Ke7 11.Nh3 Bxe3 12.Kxe3 Rhd8 13.Nf2  1/2-1/2

[Event "TCh-HUN 2012-13"]
[Site "Budapest HUN"]
[Date "2013.01.27"]
[Round "6"]
[White "Tatar Kis,S"]
[Black "Bali,J"]
[Result "1/2-1/2"]
[WhiteElo "2370"]
[BlackElo "2260"]

1.e4 d6 2.d4 Nf6 3.Nc3 e5 4.Nf3 Nbd7 5.Bc4 Be7 6.O-O O-O 7.Re1 c6 8.a4 b6
9.d5 cxd5 10.Nxd5 Nxd5 11.Bxd5 Rb8 12.b3 Nf6 13.Ba3 Bg4 14.Bc4 Qc7 15.h3 Bxf3
16.Qxf3 Nd7 17.Rad1 Nc5 18.Bd5 a6 19.Qg4 Qc8 20.Qe2 b5 21.axb5 axb5 22.Ra1 b4
23.Bc1 Ne6 24.Be3 Nf4 25.Bxf4 exf4 26.Ra7 Bf6 27.Qc4 Qxc4 28.Bxc4 g5 29.Rd1 Be5
30.Rd5 Ra8 31.Rda5 Rxa7 32.Rxa7 Bd4 33.Ra5  1/2-1/2

[Event "11th Gibraltar Masters"]
[Site "Caleta ENG"]
[Date "2013.01.27"]
[Round "6.78"]
[White "Rudolf,An"]
[Black "Kandic,Mila"]
[Result "1/2-1/2"]
[WhiteElo "2312"]
[BlackElo "2090"]

1.e4 d6 2.d4 Nf6 3.Nc3 e5 4.Nf3 Nbd7 5.Bc4 Be7 6.a4 O-O 7.O-O c6 8.h3 b6
9.Be3 Qc7 10.Ba2 Bb7 11.Qe2 a6 12.Rfd1 b5 13.axb5 axb5 14.b4 exd4 15.Bxd4 Ne5
16.Ne1 Ng6 17.g3 Ba6 18.Nd3 Nd7 19.Kh2 Bf6 20.Qe3 Bxd4 21.Qxd4 Nde5 22.Nxe5 dxe5
23.Qc5 Qa7 24.Qxa7 Rxa7 25.Rd6 Ne7 26.Bb3 Rfa8 27.Nd1 g6 28.Ne3 Bc8 29.Rxa7 Rxa7
30.Rf6 Be6 31.Bxe6 fxe6 32.Rxe6 Kf7 33.Rxe5 Ra4 34.c3 Ra3 35.c4 bxc4 36.Nxc4 Ra4
37.Na5 Kf6 38.Rc5 Rxb4 39.e5+ Ke6 40.f4 Rb5 41.Rxb5 cxb5 42.Kg2 Kd5 43.Kf3 b4
44.g4 Kd4 45.Nb3+ Kc4 46.Na5+ Kd4 47.Nb3+ Kc4 48.Nd2+ Kd3 49.Ne4 Kd4 50.Nd2 Kd3
51.Nb3 Kc4 52.Nc1 Kd4 53.Ne2+ Kd3  1/2-1/2

[Event "6th Gora Sw Anny OpA"]
[Site "Gora Swietej Anny POL"]
[Date "2013.01.27"]
[Round "3.1"]
[White "Nurkiewicz,M"]
[Black "Malaniuk,V"]
[Result "0-1"]
[WhiteElo "2395"]
[BlackElo "2529"]

1.e4 d6 2.d4 Nf6 3.Nc3 e5 4.Nf3 Nbd7 5.Bc4 Be7 6.O-O O-O 7.Re1 a6 8.a4 b6
9.b3 Bb7 10.Bb2 c6 11.dxe5 dxe5 12.Bf1 Qc7 13.Qe2 b5 14.axb5 axb5 15.Rxa8 Rxa8
16.Ra1 Rxa1 17.Bxa1 Qa5 18.Bb2 Ba3 19.Bxa3 Qxa3 20.Qd2 Kf8 21.g3 Qe7 22.Bh3 Nc5
23.Qg5 Ncxe4 24.Nxe4 Nxe4 25.Qxe7+ Kxe7 26.Nxe5 c5 27.Bg2 f6 28.Nd3 Kd6 29.f4 Bc6
30.Bf3 Nc3 31.Bxc6 Kxc6 32.Kf2 c4 33.bxc4 bxc4 34.Ne1 Kd5 35.Ke3 Nb5 36.Nf3 f5
37.Ne1 Na3 38.Kd2 h6 39.Ke3 Kc5 40.h3 Kd5 41.g4 g6 42.Kd2 Ke4 43.gxf5 gxf5
44.Kc3 Kxf4 45.Kb4 Nb1 46.Kxc4 Ke4 47.h4 f4 48.h5 f3 49.Nd3 Na3+ 50.Kb3 Nb5
51.Nf2+ Ke3 52.Ng4+ Kf4 53.Nf2 Nd6 54.Kc3 Kg3 55.Nd1 Ne4+ 56.Kd4 Nf2 57.Ne3 Ng4
58.Nf1+ Kf2 59.Nd2 Ke2 60.Ne4 f2 61.c4 Nf6 62.Ng3+ Kf3 63.Nf1 Nxh5 64.c5 Ng3
65.c6 Nxf1 66.c7 Ng3 67.c8=Q f1=Q 68.Qf8+  0-1

[Event "18th HIT Open A 2013"]
[Site "Nova Gorica SLO"]
[Date "2013.01.27"]
[Round "4.26"]
[White "Muzzolini,C"]
[Black "Pridigar,Lovro"]
[Result "1-0"]
[WhiteElo "1821"]
[BlackElo "1555"]

1.e4 d6 2.d4 Nf6 3.Nc3 Nbd7 4.Nf3 e5 5.Be2 Be7 6.O-O O-O 7.dxe5 dxe5 8.Re1 c6
9.Bg5 Qc7 10.a3 Rd8 11.Qc1 b5 12.b4 a5 13.Rb1 axb4 14.axb4 h6 15.Bh4 Qb6
16.Bg3 Bd6 17.Bd3 Re8 18.Ne2 Ra4 19.c3 Bb7 20.Bc2 Ra2 21.Bb3 Ra6 22.Nd2 Nh5
23.Qd1 Nxg3 24.Nxg3 Nf6 25.h3 c5 26.bxc5 Bxc5 27.Qe2 Ra5 28.Rf1 Ba6 29.Kh2 Ra3
30.Bc4 Ra5 31.Bd3 Rd8 32.Nc4 Qc7 33.Nxa5 Qxa5 34.Bxb5 Bxb5 35.Rxb5 Qxc3 36.Rd1 Rxd1
37.Qxd1 Bxf2 38.Qf3 Qe1 39.h4 Nh5 40.Rb8+ Kh7 41.Qf5+ g6 42.Qxf7+ Ng7 43.Qg8+  1-0

[Event "18th HIT Open A 2013"]
[Site "Nova Gorica SLO"]
[Date "2013.01.27"]
[Round "5.19"]
[White "Skok,J"]
[Black "Drobnic,Milan"]
[Result "1/2-1/2"]
[WhiteElo "2047"]
[BlackElo "1733"]

1.e4 d6 2.d4 Nf6 3.Nc3 Nbd7 4.Nf3 e5 5.Bc4 Be7 6.O-O O-O 7.h3 c6 8.a4 Qc7
9.Bg5 b6 10.Re1 Bb7 11.Qd3 a6 12.Bb3 b5 13.axb5 axb5 14.Red1 h6 15.Bh4 Rfe8
16.dxe5 dxe5 17.Bg3 Rxa1 18.Rxa1 Bc8 19.Nd2 Nc5 20.Qe2 Rd8 21.Nf3 Re8 22.Nd2 Rd8
23.Nf3 Re8 24.Nd2 Rd8  1/2-1/2